Automated microarray system for the simultaneous detection of antibiotics in milk /
Guardado en:
| Otros Autores: | , , , , , |
|---|---|
| Formato: | Artículo |
| Lenguaje: | English |
| Materias: | |
| Etiquetas: |
Agregar Etiqueta
Sin Etiquetas, Sea el primero en etiquetar este registro!
|
| Thư viện lưu trữ: | Thư viện Trường Đại học Đà Lạt |
|---|
| LEADER | 01029nam a2200349 4500 | ||
|---|---|---|---|
| 001 | DLU090097736 | ||
| 005 | ##20091201 | ||
| 040 | # | # | |a DLU |b eng |
| 041 | # | # | |a eng |
| 044 | # | # | |a us |
| 245 | # | # | |a Automated microarray system for the simultaneous detection of antibiotics in milk / |c Bertram G. Knecht ... [et al.]. |
| 653 | # | # | |a Antibiotic |
| 653 | # | # | |a Enzyme |
| 653 | # | # | |a Microanalysis |
| 653 | # | # | |a Milk |
| 653 | # | # | |a Simultaneous measurement |
| 700 | # | # | |a Dietrich, Richard. |
| 700 | # | # | |a Knecht, Bertram G. |
| 700 | # | # | |a Martlbauer, Erwin. |
| 700 | # | # | |a Niessner, Reinhard. |
| 700 | # | # | |a Strasser, Angelika. |
| 700 | # | # | |a Weller, Michael G. |
| 773 | # | # | |t Analytical Chemistry |g Vol. 76, no. 3 (February 2004), p. 646-654 |
| 920 | # | # | |a Phòng Tạp chí -- Trung tâm Thông tin - Thư viện Trường Đại học Đà Lạt |
| 994 | # | # | |a DLU |
| 900 | # | # | |a True |
| 911 | # | # | |a Trương Bảo Trâm Anh |
| 925 | # | # | |a G |
| 926 | # | # | |a A |
| 927 | # | # | |a BB |
| 980 | # | # | |a Thư viện Trường Đại học Đà Lạt |